Losc Lille - Tous les joueurs de 2010 à 2025 - Statistiques

Statistiques générales
  • Ce quiz a été pris 2 317 fois
    763 depuis la dernière actualisation
  • Le résultat moyen est 68 sur 175
Statistiques - réponses
Saisons Nationalités Joueur Nombre
De Matchs
Poste % Correct
2020 - 2025 Canada JonathanDavid 232 A
95%
2019 - France BenjaminAndré 248 M
89%
2007 - 2012 Belgique EdenHazard 194 A
87%
2022 - 2025 France LucasChevalier 127 G
87%
2015 - 2021 France MikeMaignan 180 G
83%
2018 - 2023 Portugal JoséFonte 196 D
81%
2007 - 2017 France RioMavuba 370 M
81%
2018 - 2019 Portugal RuiFonte 20 A
81%
2017 - 2019 Cote D'ivoire NicolasPépé 79 A
80%
2008 - 2016 France FlorentBalmont 323 M
79%
2018 - 2023 CoteD'Ivoire JonathanBamba 200 A
79%
2020 - 2022 Turquie BurakYilmaz 73 A
78%
2022 - 20232024 - Portugal AndréGomes 51 M
77%
2021 - 2025 Angleterre AngelGomes 134 M
77%
2018 - 2022 France JonathanIkoné 150 A
77%
2021 - 2025 Kosovo EdonZhegrova 107 A
74%
2018 - 2022 Turquie ZekiCelik 143 D
73%
2024 - Belgique ThomasMeunier 46 D
71%
2011 - 20122013 - 2017 Nigéria VincentEnyeama 164 G
71%
2023 - Islande Hakon ArnarHaraldsson 76 A
69%
2019 - 2020 Nigéria VictorOsimhen 38 A
68%
2019 - 20222023 - 2024 Turquie YusufYazici 135 M
68%
2019 - 2023 États - Unis TimothyWeah 107 A
67%
2022 - 2025 France BafodéDiakité 112 D
65%
2011 - 2017 Monténégro MarkoBasa 196 D
64%
2023 - Algérie NabilBentaleb 44 M
64%
2023 - Portugal TiagoSantos 56 D
64%
2006 - 2011 France AdilRami 163 D
63%
2022 - Brésil Alexsandro 112 D
63%
2009 - 2011 Cote D'ivoire Gervinho 93 A
63%
2009 - 2013 France MickaelLandreau 160 G
63%
2019 - 2022 Portugal RenatoSanches 91 M
61%
2017 - 2019 Brésil ThiagoMendes 71 M
60%
2023 - France AyyoubBouaddi 54 M
59%
2021 - 2025 Suède GabrielGudmundsson 137 D
59%
2012 - 20152016 - 2017 Cap - Vert RyanMendes 74 A
59%
2003 - 2013 France MathieuDebuchy 308 D
58%
2022 - 2025 France RémyCabella 113 M
58%
2004 - 2011 France YohanCabaye 252 M
58%
2009 - 2015 Sénégal IdrissaGueye 176 M
57%
2007 - 2017 France FranckBéria 317 D
56%
2017 - 2021 Brésil LuizAraujo 136 A
56%
2024 - Espagne MatiasFernandez - Pardo 30 A
56%
2010 - 2012 Sénégal MoussaSow 76 A
56%
2015 - 2016 France AlexisAraujo 2 M
55%
2024 - RépubliqueDémocratique Du Congo Ngal'ayelMukau 36 M
55%
2013 - 2015 Danemark SimonKjaer 79 D
55%
2020 - 2022 Pays - Bas SvenBotman 79 D
55%
2024 - Algérie AissaMandi 31 D
54%
2007 - 2013 Cameroun AurélienChedjou 206 D
52%
2024 - 2025 Pays - Bas MitchelBakker 35 D/M
52%
2016 - 20172018 - 2022 Portugal Xeka 144 M
52%
2024 - Maroc OsameSahraoui 46 A
51%
2022 - 2025 Brésil Ismaily 88 D
50%
2006 - 2012 Pologne LudovicObraniak 201 M
50%
2018 - 2019 Portugal RafaelLeao 26 A
49%
2017 - 2019 Sénégal FodéBallo - Touré 47 D
48%
2012 - 2014 Cote D'ivoire SalomonKalou 80 A
48%
2019 - 2022 Croatie DomagojBradaric 77 D
47%
2011 - 2012 Angleterre JoeCole 43 M
47%
2021 - 2024 France LennyYoro 60 D
47%
2017 - 2020 Brésil ThiagoMaia 69 M
47%
2023 - 2025 Italie VitoMannone 9 G
47%
2021 - 2022 Belgique AmadouOnana 42 M
46%
2019 - 2020 Cameroun JeanOnana 1 M
46%
2014 - 2016 Maroc SofianeBoufal 51 A
46%
2016 - 20172018 - 2020 Brésil Gabriel 52 D
45%
2011 - 2013 France DimitryPayet 95 M/A
44%
2021 - 2022 Croatie IvoGrbic 29 G
44%
2019 - 20202021 - 2023 Brésil LéoJardim 30 G
44%
2018 - 2022 Mozambique ReinildoMandava 87 D
44%
2008 - 2014 Brésil TulioDe Melo 136 A
44%
2017 - 2021 France BoubakarySoumaré 112 M
43%
2022 - 2023 France JonasMartin 13 M
42%
2018 - 2020 France LoicRémy 59 A
42%
2012 - 2016 France MarvinMartin 90 M
42%
2022 - 20232024 - 2025 Guinée MohamedBayo 47 A
42%
2011 - 2015 France NolanRoux 138 A
42%
2014 - 2017 France SébastienCorchia 127 D
42%
2016 - 2018 Mali YvesBissouma 55 M
42%
2014 - 2016 France BenjaminPavard 25 D
41%
2015 - 2017 Portugal Eder 23 A
41%
2011 - 2013 France LucasDigne 62 D
41%
2015 - 2018 Algérie YassineBenzia 93 M
40%
2022 - 2024 Algérie AdamOunas 44 A
38%
2024 - France OusmaneTouré 3 D
38%
2013 - 2021 France AdamaSoumaoro 124 D
37%
2022 - 2023 Cameroun CarlosBaleba 23 M
37%
2024 - France EthanMbappe 14 M
37%
2012 - 2016 Martinique SteeveElana 37 G
37%
2013 - 20172018 - 2019 Mali YoussoufKoné 31 D
36%
2018 - 2022 France JérémyPied 37 D/M/A
35%
2019 - 2023 Portugal TiagoDjaló 102 D
35%
2016 - 2018 Pays - Bas AnwarEl Ghazi 44 A
33%
2012 - 2015 Belgique DivockOrigi 89 A
33%
2012 - 2016 France DjibrilSidibé 119 D
33%
2021 - 2022 France HatemBen Arfa 9 M
33%
2016 - 2017 France NicolasDe Préville 37 A
33%
2007 - 2011 France Pierre - AlainFrau 123 A
33%
2014 - 2017 Portugal RonyLopes 72 A
33%
2024 - 2025 Angleterre ChubaAkpom 16 A
32%
2023 - 2025 France SamuelUmtiti 13 D
32%
2017 - 2019 BurkinaFaso HervéKoffi 6 G
31%
2016 - 2018 Paraguay JuniorAlonso 52 D
31%
2017 - 2019 Portugal EdgarIé 47 D
30%
2015 - 2017 Argentine RenatoCivelli 52 D
29%
2023 - 2024 Serbie AndrejIlic 3 A
28%
2017 - 2018 France KévinMalcuit 25 D
28%
2016 - 2018 Afrique Du Sud LeboMothiba 18 A
28%
2017 - 2018 Argentine EzequielPonce 32 A
27%
2023 - 2024 Argentine IgnacioMiramon 4 M
27%
2010 - 2015 RépubliqueTchèque DavidRozehnal 111 D
26%
2015 - 2017 Maroc MounirObbadi 42 M
25%
2014 - 2015 Mali AdamaTraoré 24 M
24%
2011 - 2013 France BenoitPedretti 81 M
24%
2022 - 2024 Algérie AkimZedadka 12 D
23%
2015 - 2016 Belgique BaptisteGuillaume 12 A
23%
2016 - 2017 Tunisie NaimSliti 18 A
23%
2020 - 2022 Grèce OrestisKarnezis 1 G
23%
2015 - 2017 France ÉricBauthéac 51 A
22%
2015 - 2017 Cote D'ivoire JuniorTallo 27 A
22%
2015 - 2017 France MorganAmalfitano 36 M
22%
2019 - 2020 Argentine NicolasGaitan 4 M/A
22%
2015 - 2016 Congo NolanMbemba 1 M
22%
2009 - 20122013 - 2015 Sénégal PapeSouaré 72 D
22%
2015 - 2017 Zambie StoppilaSunzu 21 D
22%
2023 - 2024 Portugal TiagoMorais 4 A
22%
2016 - 2018 France FarèsBahlouli 19 M
21%
2015 - 2018 France IbrahimAmadou 102 D/M
21%
2014 - 2016 Suisse MichaelFrey 21 A
21%
2011 - 2015 France Ronny Rodelin 106 A
21%
2020 - 2023 France IsaacLihadji 39 A
20%
2016 - 2017 France JulianPalmieri 28 D
20%
2016 - 2017 France MartinTerrier 15 A
20%
2015 - 2016 Guinée SerhouGuirassy 9 A
20%
2006 - 2011 Brésil Emerson 114 D
19%
2011 - 2013 Belgique GianniBruno 31 A
19%
2023 - 2024 Portugal IvanCavaleiro 23 A
19%
2011 - 2012 Pologne IreneuszJelen 19 A
18%
2020 - 2021 Guinée AguibouCamara 1 M
17%
2017 - 2019 Cote D'ivoire Kouadio - YvesDabila 32 D
17%
2016 - 2017 Pays - Bas RiccardoKishna 13 A
17%
2003 - 2011 France StéphaneDumont 191 M
17%
2022 - 2024 France AlanVirginius 23 A
16%
2013 - 2014 Costa Rica JohnJairo Ruiz 11 A
16%
2009 - 2014 Congo BarelMouko 4 G
15%
2016 - 2018 Maroc HamzaMendyl 16 D
15%
2018 - 2019 Kosovo ArtonZekaj 1 M
14%
2013 - 2015 France JonathanDelaplace 50 M
14%
2016 - 2017 Sénégal YounousseSankharé 23 M
14%
2011 - 2013 France LaurentBonnart 22 D
13%
2013 - 2016 France SoualihoMeité 41 M
13%
2016 - 2017 Haiti CarlensArcus 4 D
12%
2015 - 2016 Guadeloupe LennyNangis 14 A
12%
2011 - 2012 Argentine MauroCetto 8 D
11%
2023 - France AaronMalouda 4 M
10%
2017 - 2018 France ImadFaraj 8 A
10%
2017 - 2018 Mali RominigueKouamé 6 M
10%
2012 - 2013 Grèce ViktorKlonaridis 5 A
10%
2024 - France YounesLachaab 3 A
10%
2014 - 2015 Mali AbdoulayDiaby 3 A
9%
2022 - 2024 France AmineMessoussa 3 A
9%
2019 - 2022 Sénégal CheikhNiasse 7 M
9%
2008 - 20092010 - 2011 Danemark EmilLyng 5 A
9%
2019 - 2020 BurkinaFaso AbouOuattara 1 A
8%
2015 - 2016 Ghana YawYeboah 5 A
8%
2007 - 2011 France JerryVandam 29 D
7%
2014 - 2015 Congo KevinKoubemba 10 A
7%
2022 - 2023 France SimonRamet 1 D
7%
2012 - 2013 France JulianMichel 1 M
6%
2022 - 2023 France MatteoMakhabe 1 M
6%
2010 - 2011 Sénégal OmarWade 2 A
5%
2016 - 2017 France ValentinVanbaleghem 1 M
5%
2013 - 2014 France CorentinHalucha 1 D
4%
2019 - 2020 France Éric JuniorBocat 1 D
3%
Aucun quiz correspondant
Distribution des résultats
% des personnes avec chaque résultat
Percentile par nombre de réponses
Votre historique - résultats
Vous n’avez pas pris ce quiz depuis la dernière actualisation